Statistieken voor Top 15 landen met Covid-19 sterfgevallen - 13 april 2021

Klik hier om de quiz te nemen!

Algemene statistieken

  • Deze quiz is 3 keer genomen
  • De gemiddelde score is 15 van 24

Antwoordstatistieken

land% Correct
België
100%
Brazilië
100%
Colombia
100%
Duitsland
100%
Frankrijk
100%
India
100%
Mexico
100%
Spanje
100%
Verenigd Koninkrijk
100%
Argentinië
67%
Italië
67%
Peru
67%
Polen
67%
Rusland
67%
Verenigde Staten
67%
Hongarije
33%
Iran
33%
Portugal
33%
Slovenië
33%
Slowakije
33%
Tsjechië
33%
Bosnië en
Herzegovina
0%
Bulgarije
0%
Noord-Macedonië
0%

Scoreverdeling

Percentiel versus Aantal Correcte Antwoorden

Procent van Mensen met Elke Score

Uw Scoregeschiedenis

U heeft deze quiz nog niet genomen